Welcome to the Holygrace Academy Library

Please use search bar below to get started

MATHEMATICS TEXT BOOK FOR CLASS VIII (Record no. 6966)

MARC details
000 -LEADER
fixed length control field 00284nam a22001217a 4500
020 ## - INTERNATIONAL STANDARD BOOK NUMBER
ISBN 978-81-7450-814-0
082 ## - DEWEY DECIMAL CLASSIFICATION NUMBER
Classification number 510
Item number NCE/M
245 ## - TITLE STATEMENT
Title MATHEMATICS TEXT BOOK FOR CLASS VIII
260 ## - PUBLICATION, DISTRIBUTION, ETC. (IMPRINT)
Place of publication NEW DELHI
Name of publisher NCERT
300 ## - PHYSICAL DESCRIPTION
Number of Pages 276
650 ## - SUBJECT ADDED ENTRY--TOPICAL TERM
Topical Term MATHEMATICS TEXT BOOK
Geographic subdivision INDIA
942 ## - ADDED ENTRY ELEMENTS (KOHA)
Koha item type Books
Holdings
Withdrawn status Lost status Collection code Home library Current library Shelving location Date acquired Source of acquisition Full call number Accession Number Koha item type
    Reference Main Library Main Library NEW SHELF WITH NEW ENTRY 27/09/2023 PURCHASE 510 NCE/M 12889 Books